000
00317nam a22001457a 4500
008
210322b ||||| |||| 00| 0 eng d
020
_a
9781133957829
041
_a
eng
080
_2
5th
_a
159.9
082
_a
159.9
100
_a
48
101
_a
PSI
245
_a
Psychology a Journey
_c
Coon, D
942
_2
udc
_c
BK
999
_c
56633
_d
56633